000 nam a22 7a 4500
999 _c15291
_d15291
005 20200709100855.0
008 200709b xxu||||| |||| 00| 0 eng d
040 _cLMHDNGCG
050 _aBV4579.5.B73
100 _aJanice Brewi
245 _aMid life
_bPsychological and spiritual perspectives
260 _aNew York
_bCrossroad
_c1982
300 _a146,p.
942 _2lcc
_cOS
_hBV4579.5.B73